| 000 | 00656mm a2200217a 44500 | ||
|---|---|---|---|
| 001 | NM030250 | ||
| 003 | RG CODE MARC | ||
| 008 | 85020s2004 ||||||||||||||000 | spa|| | ||
| 005 | 20251028183348.0 | ||
| 020 | _a84-7228-752-1 (conjunto) | ||
| 020 | _a84-7228-753-X (v.1) | ||
| 020 | _a84-7228-754-8 (v.2) | ||
| 040 | _aORG CODE MARC | ||
| 100 |
_aJosefo, Flavio _9477 |
||
| 245 |
_aLas guerras de los judíos _cFlavio Josefo |
||
| 260 |
_aTerrassa _bClie |
||
| 300 |
_a2 v. _b20 cm. |
||
| 500 | _aContiene "Vida de Flavio Josefo, escrita en griego por él mismo, traducida al castellano por Juan Martín Cordero" | ||
| 653 | _aHISTORIA | ||
| 942 | _cBK | ||
| 999 |
_c29557 _d29557 |
||